Clic Qui était président quand... (3e république - arts) - Statistiques

Statistiques générales
  • Ce quiz a été pris 4 fois
  • Le résultat moyen est 5 sur 97
Statistiques - réponses
Hint Réponse % Correct
Sortie du film La Belle équipe de Julien Duvivier Albert Lebrun
50%
Toulouse-Lautrec peint Au Moulin rouge Sadi Carnot
50%
Degas peint le foyer de la danse à l'opéra Adolphe Thiers
25%
Claude Monet peint Impression soleil levant Adolphe Thiers
25%
Sortie du film La kermesse héroïque de Jacques Feyder Albert Lebrun
25%
Pablo Picasso peint Guernica Albert Lebrun
25%
Exposition internationale du surréalisme aux Beaux-Arts à Paris Albert Lebrun
25%
Parution du Diable au corps de Raymond Radiguet Alexandre Millerand
25%
Constantin Brancusi peint La muse endormie Armand Fallières
25%
1ère apparition de Bécassine dans la Semaine de Suzette Félix Faure
25%
Malevitch peint carré noir sur fond blanc Raymond Poincaré
25%
Mort de Guillaume Apollinaire Raymond Poincaré
25%
La Joconde, volée deux ans plus tôt, est retrouvée à Florence Raymond Poincaré
25%
Van Gogh part pour Arles Sadi Carnot
25%
Paul Gauguin peint femmes de Tahiti Sadi Carnot
25%
Van Gogh se coupe l'oreille Sadi Carnot
25%
Guy de Maupassant est interné après une tentative de suicide Sadi Carnot
25%
Mort de Van Gogh Sadi Carnot
25%
Une loi autorise l'usage de cartes postales Adolphe Thiers
0%
Mort de Maurice Ravel Albert Lebrun
0%
André Derain peint La tasse de thé Albert Lebrun
0%
Sacha Guitry est élu à l'Académie du Prix Goncourt Albert Lebrun
0%
Sortie du film Quai des brumes de Marcel Carné Albert Lebrun
0%
Sortie du film La femme du boulanger de Marcel Pagnol Albert Lebrun
0%
Sortie du film Les Disparus de Saint-Agil de Christian-Jaque Albert Lebrun
0%
Grève des Midinettes dans 21 maisons de couture Albert Lebrun
0%
Mort de Kasimir Malevitch Albert Lebrun
0%
Sortie du film Ignace avec Fernandel Albert Lebrun
0%
Exposition à Paris Les femmes artistes d'Europe exposent au Jeu de Paume Albert Lebrun
0%
André Malraux obtient le Prix Goncourt pour la Condition humaine Albert Lebrun
0%
Mort de Camille Saint-Saëns Alexandre Millerand
0%
Pose de la première pierre de la basilique du Sacré-Cœur de Marseille Alexandre Millerand
0%
Mort de Marcel Proust Alexandre Millerand
0%
Mort de Georges Feydeau Alexandre Millerand
0%
La Tour Eiffel diffuse le 1er programme radio Alexandre Millerand
0%
Création de L'homme et son désir de Darius Milhaud Alexandre Millerand
0%
Picasso peint les Demoiselles d'Avignon Armand Fallières
0%
Guillaume II achève la restauration du chateau du Haut-Koenigsbourg Armand Fallières
0%
Début du cubisme analytique Armand Fallières
0%
Le manifeste du Futurisme est publié dans le Figaro Armand Fallières
0%
Naissance de Simone de Beauvoir Armand Fallières
0%
Giorgio de Chirico peint ses 1ères oeuvres métaphysiques Armand Fallières
0%
1er salon des Humoristes à Paris Armand Fallières
0%
1ère d'Ubu roi d'Alfred Jarry Félix Faure
0%
Pablo Picasso peint Arlequin assis Félix Faure
0%
Caran d'Ache dessine Un diner en famille qui évoque l'Affaire Dreyfus Félix Faure
0%
Les femmes sont admises à l'Ecole des Beaux arts Félix Faure
0%
Naissance de Marcel Pagnol Félix Faure
0%
Inauguration du petit et du grand palais à Paris Félix Faure
0%
Le fauvisme apparait au salon d'automne Félix Faure
0%
Mort d'Emile Zola Félix Faure
0%
1ère de Cyrano de Bergerac d'Edmond Rostand Félix Faure
0%
La 1ère séance publique de cinéma a lieu à Paris Félix Faure
0%
Paul Gauguin part pour Tahiti Félix Faure
0%
La réalisatrice Alice Guy tourne la Féé aux choux Félix Faure
0%
Méliès présente Le voyage dans la Lune Félix Faure
0%
Picasso s'installe au Bateau-Lavoir Félix Faure
0%
Mort de Claude Monet Gaston Doumergue
0%
1ère démonstration d'une télévision par René Barthélémy Gaston Doumergue
0%
Coco Chanel présente sa petite robe noire Gaston Doumergue
0%
Mondrian peint Composition Gaston Doumergue
0%
Josephine Baker se produit dans la "Revue nègre" Gaston Doumergue
0%
Mort de l'acteur Max Linder Gaston Doumergue
0%
Ouverture de l'Exposition coloniale de Vincennes Gaston Doumergue
0%
Henri Matisse peint L'Odalisque au pantalon rouge Gaston Doumergue
0%
Exposition internationale des Arts décoratifs et industriels modernes à Paris Gaston Doumergue
0%
Sortie au cinéma de La Passion de Jeanne d'Arc de Dreyer Gaston Doumergue
0%
Alphonse Mucha réalise ses premières affiches pour Sarah Bernhardt Jean Casimir-Perier
0%
Loi sur les monuments historiques Jules Grévy
0%
Seurat peint Un dimanche après-midi à l'Île de la Grande Jatte Jules Grévy
0%
création de la première revue à grand spectacle aux Folies Bergère Jules Grévy
0%
Inauguration de la statue de la place de la République à Paris Jules Grévy
0%
Inauguration du Musée Grévin Jules Grévy
0%
Incendie du théâtre de Nice - 50 morts Jules Grévy
0%
1er salon des Indépendants Jules Grévy
0%
Mort de Victor Hugo Jules Grévy
0%
Ferdinand Cheval commence la construction de son Palais idéal Patrice de Mac Mahon
0%
Destruction de l'opéra de la rue Le Peletier Patrice de Mac Mahon
0%
Incendie de la cathédrale de Metz Patrice de Mac Mahon
0%
Inauguration de l'opéra Garnier Patrice de Mac Mahon
0%
Exposition universelle de Paris au Palais du Trocadéro Patrice de Mac Mahon
0%
1ère exposition impressionniste à Paris Patrice de Mac Mahon
0%
1ère foire Dada à Berlin Paul Deschanel
0%
Mistinguett fait sa rentrée au Casino de Paris Paul Doumer
0%
Mort d'Edgar Degas Raymond Poincaré
0%
L'écrivain Alain-Fournier est tué au combat Raymond Poincaré
0%
Naissance d'Albert Camus Raymond Poincaré
0%
Sortie de Fantômas de Louis Feuillade Raymond Poincaré
0%
Dernier film de Georges Méliès, Le voyage de la famille Bourrichon Raymond Poincaré
0%
1ère de la chanson Quand Madelon par Bach Raymond Poincaré
0%
Création du Sacre du Printemps par Stravinsky Raymond Poincaré
0%
Modigliani peint le portrait de M. Lepoutre Raymond Poincaré
0%
Coco Chanel lance la robe en jersey Raymond Poincaré
0%
Rodin commence la statue de Balzac Sadi Carnot
0%
La chorale de la Lyre des Travailleurs réunie interprète le chant de L'Internationale Sadi Carnot
0%
Jeanne Lanvin crée sa maison de couture Sadi Carnot
0%
Inauguration de la Tour Eiffel Sadi Carnot
0%
Aucun quiz correspondant
Distribution des résultats
% des personnes avec chaque résultat
Percentile par nombre de réponses
Votre historique - résultats
Vous n’avez pas pris ce quiz